000 00322nam a22001337a 4500
008 190205b xxu||||| |||| 00| 0 eng d
020 _a0673397041
041 _aeng
080 _a371
100 _a46
101 _aEDU
245 _aAssessing and correcting classroom reading problems
_cAlexander,J.E
942 _2udc
_cBK
999 _c54014
_d54014